000
00260nam a2200097Ia 4500
008
231107s2000 xx 000 0 und d
041
_a
eng
100
_a
William. J
245
_a
Landscape Architecture Architect
260
_a
Washington
_b
American Society of
_c
2000
999
_c
923062
_d
923062